| 000 | 00689nam a2200229 a 4500 | ||
|---|---|---|---|
| 005 | 20140310183433.0 | ||
| 008 | 080111s19uu xx 00 eng d | ||
| 020 | _a9780071106832 | ||
| 050 |
_aHD 62.7 _b.K385 2007 |
||
| 100 | _aKatz, Jerome A. | ||
| 245 |
_aEntrepreneurial small business / _cJerome A. Katz |
||
| 260 |
_aU.S.A : _bMcGraw-Hill, _c2007. |
||
| 300 |
_aI-24, 673 p. : _bcol. ill. ; _c28 cm. |
||
| 521 | _aBSBA | ||
| 650 |
_aSmall business _xManagement _xTextbooks. |
||
| 650 |
_aNew business enterprises _xManagement _xTextbooks. |
||
| 650 |
_aEntrepreneurship _xTextbooks. |
||
| 700 | _aGreen, Richard . | ||
| 942 |
_cBK _2lcc _kFOR |
||
| 999 |
_c22778 _d22778 |
||